[Event "Oregon Open U1400"]
[Site "Portland, OR"]
[Date "2024.09.02"]
[Round "5"]
[White "Barish, Elijah"]
[Black "Ho, William"]
[Result "1-0"]
[WhiteElo "1311"]
[BlackElo "1200"]
[Annotator "Elijah Barish"]
[PlyCount "135"]
[GameId "510933392561"]
[EventDate "2024.08.31"]
[EventType "swiss"]
[EventRounds "6"]
[EventCountry "USA"]

{[%evp 0,135,30,36,20,20,22,19,17,-16,-16,-16,-7,11,11,19,8,-33,-50,-1,-12,-18,38,-81,-63,-63,-50,-205,-77,-66,28,21,43,63,63,63,69,39,41,35,87,24,42,41,76,92,108,105,164,123,109,120,123,65,169,167,170,161,206,172,204,195,186,192,213,170,184,184,203,195,199,194,195,193,186,173,177,168,225,217,308,314,337,353,338,327,364,399,352,352,352,480,494,517,590,590,592,852,1028,1028,1156,1258,1270,1282,1282,920,1087,1208,1492,1711,1899,2391,2392,1948,2770,3407,2646,2654,29981,29982,29983,29988,29989,29988,29989,29990,29993,29994,29995,29996,29999,29998,29999,29994,29995,29996,29997,29998]} 1. e4 e5 2. Nf3 Nc6 3. Bc4 Nf6 4. Ng5 d5 5. exd5 Na5 6. Bb5+ c6 7. dxc6 bxc6 8. Be2 h6 9. Nf3 e4 10. Ne5 Qd4 11. Ng4 Bxg4 12. Bxg4 e3 13. Bf3 exf2+ 14. Kf1 Rc8 15. Qe2+ Be7 16. Qxf2 (16. Qa6 O-O 17. Qxa5 Bb4 (17... Rfe8) 18. Qa4 (18. c3 Qd3+ 19. Be2) 18... Rce8) 16... Qxf2+ 17. Kxf2 O-O 18. Re1 Bc5+ 19. Kf1 Rfe8 20. Nc3 Rxe1+ 21. Kxe1 Re8+ 22. Kf1 g5 23. d3 Re7 24. Ne4 Nxe4 25. Bxe4 Re6 26. Bd2 Nb7 27. Re1 Rf6+ 28. Ke2 Bd6 29. g3 Nd8 30. Bc3 Re6 31. Kd1 Be7 32. Bf5 Rxe1+ 33. Kxe1 h5 34. Be5 Ne6 35. Be4 c5 36. Kf2 Kf8 37. Ke3 g4 38. Kf2 f6 39. Bb8 Kg7 40. Bxa7 Nd4 41. c3 Nb5 42. Bb8 Nd6 43. a4 Nxe4+ (43... Kf8 44. a5 Ke8 45. a6 Kd8 46. a7 Kc8 47. a8=Q) 44. dxe4 Bd8 45. b4 cxb4 46. cxb4 Bb6+ 47. Kg2 (47. Ke2 Bg1) 47... Kf7 48. a5 Bd4 49. a6 Ke8 50. a7 Bxa7 51. Bxa7 Kd7 52. Bc5 Kc6 53. Kf2 h4 54. gxh4 Kb5 55. h5 Kc4 56. h6 Kd3 57. h7 Kxe4 58. h8=Q g3+ 59. hxg3 Kf5 60. Qh5+ Ke6 61. b5 f5 62. b6 Ke5 63. b7 Ke6 64. b8=Q f4 65. Qbe5+ Kd7 66. Qh6 fxg3+ 67. Kf3 g2 68. Qeg7+ 1-0

[Event "Oregon Open U1100"]
[Site "Portland, OR"]
[Date "2024.09.01"]
[Round "3"]
[White "Hall, Abigail"]
[Black "Davies, Damien"]
[Result "0-1"]
[WhiteElo "1058"]
[BlackElo "827"]
[Annotator "Davies,Cedric"]
[PlyCount "54"]
[GameId "2089788373839025"]
[EventDate "2024.08.31"]
[EventType "swiss"]
[EventRounds "6"]
[EventCountry "USA"]

{[%evp 0,54,20,23,71,-1,47,41,55,47,69,64,102,87,76,55,58,55,55,-69,79,4,113,63,124,5,-6,-36,-36,-98,45,50,50,-162,29,21,61,60,60,49,49,-11,82,36,42,35,35,-29993,21,0,16,-29991,-29992,-29997,-29998,-29999,-29999] Damien, my son, is a boy of 11 years of age, playing in his first adult tournament. We had a lot of fun checking in on each other's games. In this game, Damien goes down by 2 Exchanges, but shows how powerful a pair of Bishops can be.} 1. e4 c5 2. c3 {The Alapin variation. Damien is unfamiliar with this variation and allows White to get a strong center. I keep telling him he needs to study his openings more :)} g6 {I prefer d5 here or on the next move} 3. d4 cxd4 4. cxd4 Bg7 $14 {White has a strong center} 5. Nc3 Nc6 6. Nf3 d6 7. h3 Nf6 8. Bf4 O-O 9. Bc4 Re8 $2 $16 {With the Bishop on c4, plus the possiblility of the Knight going to g5, moving the rook away from the defense of f7 doesn't seem right. Also there was a much better move in Nxe4} ({Stronger is} 9... Nxe4 $1 10. Nxe4 d5 11. Bd3 dxe4 12. Bxe4 Nxd4 $17) 10. O-O b6 11. Ng5 e6 12. Nb5 {Looks scary, but Black is actually fine here.} d5 $1 {[#]} (12... h6 $6 13. Nxf7 Kxf7 14. Nxd6+ Kg8 $16) 13. Nc7 $2 $19 (13. exd5 exd5 14. Bb3 Ba6 $1 15. Ba4 $11) 13... dxc4 14. Nxa8 Bb7 $2 $14 (14... Qxd4 15. Qa4 (15. Nc7 Rf8 16. Qxd4 Nxd4 17. Be5 Nc6 18. Bc3 $14) 15... Bd7 16. Nc7 Rc8 $11) ({Best is} 14... Nh5 {White has overextended her position. With this simple Knight move, Black could have taken control and been better with 2 pieces for the Rook} 15. Be3 (15. Bh2 Qxg5 16. Nc7 Rd8 $19) 15... Bb7 16. d5 exd5 17. Qxd5 Qe7 18. Nc7 Qxc7 19. Qxc4 $19 {Black is much better}) 15. Nc7 Re7 16. e5 $2 {Blocks the Bishop's protection of the c7 Knight} (16. d5 exd5 17. exd5 $16) 16... Rxc7 $2 (16... Nh5 $142 $19 {Black will now recover a piece with a large advantage}) 17. exf6 Bxf6 18. Bxc7 Qxc7 19. Nf3 Qd6 20. Qe2 b5 {[#] Protecting c4, though Qd5 was better} 21. Rad1 Nxd4 22. Nxd4 Bxd4 {The dust has somewhat settled. Although down 2 Exchanges, Black has 2 pawns for it, giving him solid control over the center, and a very strong and unchallenged Bishop pair. Although White is objectively a little bit better here, Black has solid compensation.} 23. Qd2 $2 {A natural move, but does nothing to stop the upcoming threat to g2} (23. Qg4 e5 24. a3 $11) 23... e5 (23... Qg3 $142 $3 {A stunning move, taking advantage of the f2 pin! Black wins as mate is unstoppable}) 24. Rfe1 f6 {Takes away the defensive square g5 from the White Queen} 25. a3 $2 {Allow Black to start his mating attack} (25. Kh2 {This move was necessary so as to be able to protect g2}) 25... Qd5 {[#] The simple threat against g2 is unstoppable} 26. Kf1 Qxg2+ 27. Ke2 Bf3# 0-1

[Event "Oregon Open U1100"]
[Site "Portland, OR"]
[Date "2024.09.02"]
[Round "6"]
[White "Fattal, Isaiah"]
[Black "Premchander, Kanishk"]
[Result "0-1"]
[WhiteElo "1088"]
[BlackElo "1181"]
[Annotator "Wilson Gibbins"]
[PlyCount "76"]
[GameId "2094554216948041"]
[EventDate "2024.08.31"]
[EventType "swiss"]
[EventRounds "6"]
[EventCountry "USA"]

{[%evp 0,76,20,18,10,22,13,28,14,18,-17,-7,-1,-1,6,6,-11,5,37,21,20,-29,4,1,-27,-17,-36,-30,10,-47,-33,-98,46,56,35,54,49,50,44,-17,-45,-31,-1,-54,126,134,163,60,144,111,125,46,46,25,31,26,122,140,123,82,145,82,162,-7,1,-209,-330,-330,-432,-856,-946,-1625,-563,-29989,-29986,-29991,-29990,-29991,-29994] A crucial last round game. Kanishk has 5 points, Isaiah has 4.5, so if Isaiah wins he will have at least a share of first place. A draw is good enough for Kanishk finish at least tied for first, but a win gives him first alone. You might expect both players to play it safe in such a high-stakes situation. Instead, a back and forth tactical brawl breaks out.} 1. e4 e5 2. Nf3 Nc6 3. Bc4 Nf6 4. Ng5 d5 5. exd5 Na5 (5... Nxd5 $6 6. Nxf7 Kxf7 7. Qf3+ Ke6 8. Nc3 {Today, Stockfish tells us that White is better.}) 6. Bb5+ c6 7. dxc6 bxc6 8. Qf3 {Kanishk - I had studied this line with the continuations 8. Be2 and 8. Bd3, but I completely glossed over 8. Qf3 and didn't know what to do at that moment. I spent around 15 minutes in this position figuring out how to get out of this seemingly gnarly situation.} Bd7 {It is natural to defend the pawn, but in this sharp opening Black can consider sacrificing more material.} (8... Rb8 {and White should retreat the Bishop is most popular} 9. Bd3 {with rough equality} (9. Bxc6+ Nxc6 10. Qxc6+ Nd7 $1 $15 {and in this open position Black's development is more important than White's material advantage. It is strange that Black should retreat the knight instead of gain time on the queen with} (10... Bd7 {but the crude mate threat} 11. Qc4 {leads to White's advantage.}))) (8... cxb5 $5 {It normally scores well, but it didn't work out for Fabinano Caruana in a Titled Tuesday game a few years ago} 9. Qxa8 Qc7 10. Qf3 Nc6 11. c3 Bg4 12. Qg3 Nd4 13. Na3 Bxa3 $2 (13... Ne2 $1 {is unclear but close to equality.}) 14. cxd4 Bd6 15. Ne4 {1-0 Erigaisi,A (2718)-Caruana,F (2766) chess.com SpeedChess 2022 chess.com INT blitz (1.12)}) 9. Ba4 $14 {White's extra pawn gives him an edge, but Black's lead in development means that there is a lot of fight left in the game. This wide-open position will reward players for tactical accuracy an a willingness to look beyond the stereotyped moves in the position.} Be7 10. c3 {Not best. White is behind in development and should work on catching up.} (10. O-O $14) (10. d3 $14) 10... Qc7 11. b4 Nb7 12. Bb3 O-O {And just like that, Black is a little better.} 13. O-O c5 14. a3 a5 {Kanishk - I considered c4 here, but I decided to get at the queenside structure instead since my own pawns were already isolated and easy targets} 15. bxa5 Nxa5 {allows White a tactical trick that gets him close to equality.} (15... c4 {prevents White's next move Kanishk - I was looking at 14. ... c4 but I guess I got a bit greedy and went for the pawns on the queenside since the c-pawn is isolated anyway}) 16. Bxf7+ $1 Kh8 $1 $15 (16... Rxf7 $2 17. Qxa8+ Rf8 {and now Stockfish says White's should keep his queen on the edge of the board with} 18. Qa6 (18. Qf3 {unfortunately leaves White's queen in the lines of fire of Black's pieces})) 17. Ne6 Bxe6 18. Bxe6 e4 19. Qg3 Bd6 20. Qh3 c4 {Kanishk - Idea behind 20. ... c4 was obviously to lock down the c3 pawn and prevent White's dark squared bishop from ever seeing the long diagonal} 21. a4 Qb6 (21... Nb3 $1 22. Ra2 Ra5 $1 {is an effective rook lift, getting ready to bring the rook from a8 into a kingiside attacking position on h5. Kanishk - I was thinking of 21. ... Nb3 but for whatever reason I didn't see the Ra5 follow up so I went for f2 for the rest of the game instead}) 22. Na3 $1 {And now White stands a little better, with two extra pawns and ambitions to take a third on c4. But White's bishop on c1 and rook on a1 are not contributing to offense or defense, so he will need to be very careful.} Bc5 23. Bf5 h6 24. Rb1 {A good move, developing a piece, approved by Stockfish} (24. d4 cxd3 25. Bxh6 $1 gxh6 26. Qxh6+ {No checkmate yet, but Black's king is undefended and White can take a draw by perpetualif he wants. That said, a draw gives Black at least a tie for first place.}) 24... Qc6 25. Nc2 (25. Rb5 $1 {gets one of White's two sleeping pieces into the game.}) 25... Nb3 {Kanishk - Missed 25. Rb5 but thankfully he missed it so I shut that down with 25. ... Nb3 immediately} 26. Nb4 Bxb4 27. cxb4 Nxc1 {Kanishk - This move allows me to be 100% sure I would never have to deal with any threats on g7.} (27... Qxa4 $14) 28. Rfxc1 {White is better. All his pieces are finally in the game.} Rxa4 29. Be6 Qd6 30. Bxc4 Qxd2 31. b5 {Normally passed pawns should be pushed, but White needs to take care of the attack on f2 first.} (31. Qe3 $16) 31... Ng4 {Kanishk - I spent a good 20 minutes on this move, calculating not only 32. Qxg4 but also 32. Qg3, defending f2. In any case, even if the position was equal, I felt that if anyone had winning chances, it would be me} 32. Bf7 {tricky, but Kanishk sees through it.} (32. Qxg4 Qxf2+ 33. Kh1 Rxc4 $1 $10 34. Rxc4 $4 Qf1+ $1) (32. Qg3 Nxf2 $10) 32... Qxf2+ {Black is winning - the e-pawn combined with back rank mates is too much for White to handle.} (32... Rxf7 33. Qxg4 Qxf2+ 34. Kh1 {is about equal}) 33. Kh1 e3 {Kanishk - No need to take on f7, the more important thing was to defend the g4 knight and prepare a promotion/mating idea on f1} 34. Be6 e2 35. g3 Ne3 {Kanishk - I didn't see any way to push the pawn forward or checkmate on f1, so I played 35. ... Ne3 to threaten Qg2# and force the white queen to stay passive, but also to add further defense to f1 in case there was a moment to break through} 36. Bc4 Rxc4 37. Re1 Qf3+ 38. Kg1 Rh4 $1 {if 39.Qxh4 Qg2 mate.} 0-1

[Event "Charlotte Norm Super Swiss"]
[Site "Charlotte, NC"]
[Date "2023.07.10"]
[Round "3"]
[White "Lee, Megan"]
[Black "Fedorowicz, John"]
[Result "1-0"]
[WhiteElo "2337"]
[BlackElo "2461"]
[PlyCount "69"]
[GameId "471992838424"]
[EventDate "2023.07.09"]
[EventType "swiss"]
[EventRounds "9"]
[EventCountry "USA"]

{[%evp 0,69,18,38,51,38,68,43,43,42,41,37,43,29,31,3,15,8,12,15,22,22,14,14,26,30,44,45,40,38,50,32,45,19,34,27,53,58,42,30,49,26,90,60,79,78,157,166,168,179,190,178,202,212,186,219,259,255,264,229,218,207,212,212,204,227,237,259,201,175,913,947]} 1. e4 c5 2. Nf3 d6 3. Bb5+ Bd7 4. Bxd7+ Nxd7 5. O-O Ngf6 6. Qe2 e6 7. d4 cxd4 8. Nxd4 a6 9. c4 Be7 10. b3 O-O 11. Bb2 Re8 12. Nc3 Bf8 13. Rad1 Qc7 14. Rfe1 g6 15. Kh1 Qa5 16. Qd2 Rad8 17. f4 Qh5 18. Nf3 b5 19. cxb5 axb5 20. a3 Qc5 21. Nd4 b4 22. axb4 Qb6 23. b5 e5 24. Nc6 Ra8 25. f5 d5 26. fxg6 hxg6 27. exd5 Bd6 28. Qe2 Kg7 29. Rf1 Rh8 30. Ne4 Nxe4 31. Qxe4 f6 32. h3 Qxb5 33. Qg4 Qb7 34. Qe6 Bc5 35. Nxe5 1-0

[Event "Seattle Chess Classic"]
[Site "?"]
[Date "2024.08.18"]
[Round "5.1"]
[White "Degenbaev, Aziz"]
[Black "Lee, Megan"]
[Result "1-0"]
[WhiteElo "2367"]
[BlackElo "2346"]
[Annotator "Ralph Dubisch"]
[PlyCount "141"]
[GameId "2102422384908070"]
[EventDate "2024.??.??"]

{[%evp 0,141,19,38,25,16,14,14,11,-27,-32,-42,-45,-45,-54,-92,-82,-62,-62,-63,-25,-137,-102,-110,-148,-164,-129,-143,-143,-171,-180,-198,-177,-155,-185,-161,-165,-165,-177,-184,-168,-134,-90,-99,-55,-43,-49,-46,-50,-50,-42,-48,-22,-22,-22,-40,-25,-34,-46,-32,-36,-52,-52,-27,-18,-36,0,-10,0,-49,-38,-31,-21,0,0,0,0,-18,-24,-27,0,0,0,0,-12,-12,-12,-7,0,0,0,0,0,0,0,0,0,0,0,0,0,0,0,0,0,0,0,0,12,0,0,0,51,0,65,52,72,43,110,103,118,118,118,83,159,144,166,136,261,255,273,234,364,252,276,507,715,715,732,759,757,796,796,869]} 1. e4 e5 2. Nf3 Nc6 3. Bc4 Bc5 {The Giuoco Piano, starting point for countless games throughout chess history.} 4. b4 ({The Evans Gambit. White offers a pawn to attack on diagonals leading toward the black king, as well as potentially building a pawn center. Another similar idea is} 4. c3 Nf6 {Black pressures the e4-pawn.} 5. d4 ({Old school, going into forcing attacking lines that have been played and analyzed forever.} 5. d3 {is the current super-popular system, leading to very subtle, quiet maneuvering.}) 5... exd4 6. cxd4 Bb4+ {with several gambit choices from here.}) 4... Bxb4 5. c3 Ba5 ({Most common.} 5... Be7 6. d4 Na5) ({and the solid} 5... Bd6 6. d4 Nf6 7. O-O O-O {are alternative defensive ideas.}) 6. Qb3 ({Rare, but quite logical, and analogous with similar positions in the main-line Giuoco, generally after the black bishop has been distracted by taking the rook on a1. It could prove effective here, with the bishop off on a5 where it doesn't defend the kingside dark squares and simultaneously at least delays any threat of ...Na5.} 6. d4 exd4 7. O-O {is well-represented in historic games.}) 6... Qe7 7. Ba3 (7. d4 {has been played here.}) 7... d6 8. d4 exd4 ({It feels a bit risky to open the position, but without extensive advance prep, I wouldn't want to attempt} 8... Nf6 9. d5 (9. O-O O-O 10. Re1 Bd7 (10... Nxd4 $5 11. cxd4 Bxe1 12. Nxe1 exd4) 11. Nbd2) 9... Nd4 $1 10. Qa4+ (10. Nxd4 exd4 11. Qa4+ Bd7 12. Qxa5 Qxe4+ 13. Kd1 O-O) 10... Bd7 11. Qxa5 Nc2+ 12. Kd1 Nxa1 13. Nbd2 {, when Stockfish thinks Black is doing well. As a human, I don't even want to attempt to evaluate any of the above, as I have no clue what is going on in these lines.}) 9. O-O Nh6 {Taking advantage of the bishop's absence from the c1-h6 diagonal.} 10. Re1 $6 ({A simpler way to get a good position is} 10. cxd4 O-O (10... Qxe4 {is too greedy, and can be punished in several ways. One possibility:} 11. Bd3 Qf4 (11... Nxd4 12. Bxe4 Nxb3 13. axb3) 12. d5 Nd4 13. Nxd4 Qxd4 14. Bb2 Qc5 15. Bxg7 $18) 11. Qd3 {and I think we just call this "with compensation."}) 10... O-O 11. e5 Qd8 12. Bc1 $6 (12. Bd5 $5) 12... Nxe5 13. Nxe5 dxe5 14. Bxh6 gxh6 15. Rxe5 Bb6 16. Nd2 Qf6 {White still has a small lead in mobilization, but Black is two pawns up. The pawns are compromised, true, but there are two of them, now supported by the bishop-pair in a wide-open position.} 17. Ree1 dxc3 18. Ne4 Qg7 19. Rad1 Bf5 (19... Bh3 20. Ng3 Bg4 $17 {Now it's three pawns, the black rooks are connected, and actual compensation for the material is not obvious.}) 20. Nxc3 Kh8 $6 (20... c6) 21. Nd5 Rae8 $6 (21... Bg4) 22. Rxe8 Rxe8 23. Nxb6 axb6 24. Bxf7 {A few swift exchanges and the material imbalance is one rather insignificant doubled h-pawn. Black's king is the less secure. Equal/unclear?} Rf8 25. Bd5 Bg4 26. f3 Bh3 27. Qc2 c6 28. Bb3 Bf5 29. Qf2 b5 30. Kh1 Re8 31. h3 Qf6 32. Qg3 Qg5 33. Qc7 Qg7 34. Qf4 Bg6 35. Qh4 h5 36. Rd8 h6 37. Rxe8+ Bxe8 38. Qf4 Bg6 39. Be6 Kh7 40. Qd6 Bb1 {Just plain equal. Neither side has been making any progress, but in good modern style they press on, awaiting opportunity.} 41. Kh2 h4 42. Kh1 Bg6 43. Bb3 h5 44. Kh2 Bf5 45. Kh1 Bg6 46. Kg1 Bf5 47. Kh1 Qa1+ 48. Kh2 Qg7 49. Kh1 {Threefold repetition achieved... but if no one claims...} Bg6 50. Kg1 Bf7 51. Bc2+ Kg8 52. Qd8+ Qf8 53. Qg5+ Qg7 54. Qd8+ Qf8 55. Qg5+ Kh8 56. Qf6+ Qg7 57. Qd8+ Bg8 58. Qxh4 {Black played on to reach this?} Qa1+ $6 59. Kh2 Bxa2 60. Qxh5+ Kg7 61. Qg5+ Kf8 62. h4 $14 Qc3 63. Bg6 b4 ({Black's defense is tenuous now in any case, as White can combine threats to the exposed black king with advancing the pawn mass.} 63... Bf7 64. Qf4 (64. Be4 $16) 64... Qc4 65. Be4 Qc5 66. Bf5 (66. Kh3 Qg1 {is slightly less clear.}) 66... Qc4 67. Qg5 {Black's task is hard.}) 64. h5 Qd4 65. h6 Qd6+ 66. f4 Bg8 67. Bf7 $1 {Cute.} Kxf7 (67... Bxf7 68. h7 Qd4 69. Qh6+ Qg7 70. h8=Q+) 68. Qg7+ Ke6 69. Qxg8+ Kf5 (69... Ke7 70. Qg5+ Kd7 71. h7 Qf8 72. Qh4 Qh8 73. Qg4+ Ke7 74. Qg8) 70. Qg5+ Ke4 71. h7 1-0